000 01300nam a22002417a 4500
001 K121131
008 160218b2019 xxu||||| |||| 00| 0 eng d
041 _aeng
110 _aRoyal Institution of Chartered Surveyors
245 _aValuation of development property
260 _aLondon,
_bRICS,
_cOctober 2019
300 _a59p.
490 _aRICS professional standards and guidance, global
490 _aRICS guidance note
500 _aEffective from 1st Feb 2020
520 _aProvides guidance for RICS professionals undertaking valuations of development property The principles set out in this guidance note apply to all valuations of development property and should be read in conjunction with RICS Valuation – Global Standards 2017 (Red Book Global Standards) – incorporating the International Valuation Standards (IVS), in particular IVS 410
520 _aSupersedes Valuation Information Paper 12 - Valuation of Development Land (effective from 1st March 2008 to 31st Jan 2020), ISBN 9781842194010
650 _aDevelopment property
651 _aUnited Kingdom
690 _96273
_aValuation
856 _uhttps://www.rics.org/content/dam/ricsglobal/documents/to-be-sorted/valuation-of-development-property---first-edition.pdf
_zAvailable on RICS.org
942 _n0
999 _c121131
_d121131